000 00478nam a22001937a 4500
003 NUST - PNEC
005 20170116180758.0
008 150409b xxu||||| |||| 00| 0 eng d
020 _a-
040 _cLIBRARY
082 _a909.09 AZI
100 _92302
_aAziz, A.
245 _aAbu Bakr : the caliph
_cA. Aziz
250 _a-
260 _aKarachi
_bGhazanfar Academy
_cc1978.
300 _a 266 p. :
_c24 cm.
650 _92303
_aIslam, Caliph
_xGeneral
942 _2ddc
_cBK
999 _c62848
_d62848